000 00454nam a2200181Ia 4500
003 GCL
008 140319s9999 xx 000 0 eng d
040 _aGCL /
_cGCL
082 0 4 _a709.68
_bG A
100 1 _aGAUDIBERT, PIERRE
245 1 0 _aL'ART AFRICAN CONTEMPORAIN /
_cGAUDIBERT, PIERRE
260 _a[S.N] :
_bDIAGONALES ،
_c1994
300 _a184 P
650 0 4 _aCONTEMPORARY ART
650 0 4 _aARTS
650 0 4 _aART, AFRICA
942 _2ddc
_cBK
999 _c15228
_d15228